| 000 | 01009nam a2200241 i 4500 | ||
|---|---|---|---|
| 001 | 15471 | ||
| 003 | ES-MaACL | ||
| 005 | 20250902085825.0 | ||
| 007 | t| | ||
| 008 | 000316s1997 sp ||||1| spa d | ||
| 080 | _a929 Foronda, Valentín de:34 | ||
| 080 | _a34 Foronda, Valentín de | ||
| 100 | 1 |
_aRivacoba y Rivacoba, Manuel de. _997535 |
|
| 245 | 1 | 0 |
_aAspectos penales en la obra de Foronda _b: texto de la conferencia de Manuel de Rivacoba y Rivacoba..., pronunciada, el día 18 de febrero de 1997, en el acto organizado por esta Entidad, en el Salón del Archivo Foral. |
| 260 |
_aBilbao : _bComisión de Bizcaia de la Real Sociedad Bascongada de los Amigos del País, _c1997. |
||
| 300 |
_a36 p. : _bil. ; _c24 cm. |
||
| 490 | 1 |
_aLanak ; _v22 |
|
| 600 | 1 | 4 |
_aForonda, Valentín de. _951802 |
| 710 | 2 |
_aReal Sociedad Bascongada de los Amigos del País. _bComisión de Vizcaya _96370 |
|
| 830 | 0 |
_aLanak ; _v22 _9228577 |
|
| 852 |
_aES-MaACL _j2136-F-29 _bR.126463 |
||
| 999 |
_c15471 _d15471 |
||